| 000 | 00000nam 2200000za 4500 |
| 001 | 9.641898 |
| 003 | CaOODSP |
| 005 | 20220804140220 |
| 007 | cr ||||||||||| |
| 008 | 150407|1982||||xxc|||||o f|0| 0 fre d |
| 040 | |aCaOODSP|bfre |
| 043 | |an-cn--- |
| 086 | 1 |aA53-1672/1982F-PDF |
| 110 | 1 |aCanada.|bAgriculture Canada. |bDirection générale de recherche. |
| 245 | 10|aFruits de verger pour les provinces des Prairies / |h[ressource électronique]|c[par] W.G. Ronald et H.J. Temmerman. |
| 250 | |aRévision |
| 260 | |aOttawa - Ontario : |bAgriculture Canada. |cc1982. |
| 300 | |a44p.|bfigures, carte, tableau, photographies |
| 500 | |aPublication historique numérisée par Agriculture et Agroalimentaire Canada. Éd. originale : 1980. |
| 504 | |aBibliographie. |
| 590 | |a13-17-Supp|b2013-07-25 |
| 691 | 07|aCultures fruitières|2gcpds |
| 691 | 07|aExploitation agricole|2gcpds |
| 775 | 08|tTree fruits for the Prairie Provinces / |w(CaOODSP)9.698210 |
| 794 | |tArboriculture fruitière dans les provinces des Prairies / |w(CaOODSP)9.641051 |
| 856 | 40|ahttp://publications.gc.ca|qPDF|s3.97 Mo|uhttps://publications.gc.ca/collections/collection_2013/aac-aafc/agrhist/A53-1672-1982-fra.pdf |
| 986 | |a1672/F |